书目信息 |
| 题名: |
禽产品品质及其货架期预测研究
|
|
| 作者: | 刘雪 , 刘娇 , 钟蒙蒙 著 | |
| 分册: | ||
| 出版信息: | 北京 中国农业科学技术出版社 2018.01 |
|
| 页数: | 187页 | |
| 开本: | 24cm | |
| 丛书名: | ||
| 单 册: | ||
| 中图分类: | TS251.7 | |
| 科图分类: | ||
| 主题词: | 禽类--农产品--质量控制--研究 | |
| 电子资源: | ||
| ISBN: | 978-7-5116-3443-6 | |
| 000 | 01451nam0 2200289 450 | |
| 001 | 891 | |
| 005 | 20180926151112.69 | |
| 010 | @a978-7-5116-3443-6@dCNY60.00 | |
| 100 | @a20180412d2018 em y0chiy50 ea | |
| 101 | 0 | @achi |
| 102 | @aCN@b110000 | |
| 105 | @ay z 001yy | |
| 200 | 1 | @a禽产品品质及其货架期预测研究@9qin chan pin pin zhi ji qi huo jia qi yu ce yan jiu@f刘雪,刘娇,钟蒙蒙著 |
| 210 | @a北京@c中国农业科学技术出版社@d2018.01 | |
| 215 | @a187页@d24cm | |
| 300 | @a本研究获得“现代农业产业技术体系北京市家禽创新团队建设项目”资助出版 | |
| 314 | @a刘雪,女,汉族,山东省临沭县人。博士,副教授,硕士研究生导师,现代农业产业技术体系北京家禽创新团队岗位专家。 | |
| 314 | @a刘娇,女,汉族,重庆市忠县人。毕业于中国农业大学,硕士。公开发表相关学术论文4篇,获得软件著作权4项和国家发明专利1项。 | |
| 314 | @a钟蒙蒙,男,汉族,山东省潍坊市人。毕业于中国农业大学,硕士。发表过多篇核心和EI论文,拥有多项软件著作权和国家发明专利1项。 | |
| 330 | @a本书为进一步加强并提高禽产品的安全性,就我国禽产品质量控制的必要性及其现状,以及禽产品质量安全控制存在的主要问题进行探讨,并从法律法规、检测技术以及追溯体系、质量认证体系的建立等角度,提出保障禽产品质量安全、实现家禽养殖业可持续发展的具体对策。 | |
| 606 | 0 | @a禽类@x农产品@x质量控制@x研究 |
| 690 | @aTS251.7@v5 | |
| 701 | 0 | @a刘雪@9liu xue@4著 |
| 701 | 0 | @a刘娇@9liu jiao@4著 |
| 701 | 0 | @a钟蒙蒙@9zhong meng meng@4著 |
| 801 | 0 | @aCN@b91MARC@c20180412 |
| 905 | @aMuseLib@dTS251.7@e267 | |
| 禽产品品质及其货架期预测研究/刘雪,刘娇,钟蒙蒙著.-北京:中国农业科学技术出版社,2018.01 |
| 187页;24cm |
| 本研究获得“现代农业产业技术体系北京市家禽创新团队建设项目”资助出版 |
| ISBN 978-7-5116-3443-6:CNY60.00 |
| 本书为进一步加强并提高禽产品的安全性,就我国禽产品质量控制的必要性及其现状,以及禽产品质量安全控制存在的主要问题进行探讨,并从法律法规、检测技术以及追溯体系、质量认证体系的建立等角度,提出保障禽产品质量安全、实现家禽养殖业可持续发展的具体对策。 |
| ● |
| 相关链接 |
|
|
|
|
正题名:禽产品品质及其货架期预测研究
索取号:TS251.7/267
 
预约/预借
| 序号 | 登录号 | 条形码 | 馆藏地/架位号 | 状态 | 备注 |
| 1 | 1120179 | 211201796 | 第二样本阅览室/ [索取号:TS251.7/267] | 在馆 | |
| 2 | 1120180 | 211201803 | 第三借阅区/ [索取号:TS251.7/267] | 在馆 | |
| 3 | 1120181 | 211201812 | 第三借阅区/ [索取号:TS251.7/267] | 在馆 | |
| 4 | 1120182 | 211201821 | 第三借阅区/ [索取号:TS251.7/267] | 在馆 | |
| 5 | 1120183 | 211201830 | 密集书库-生命科学系/ [索取号:TS251.7/267] | 在馆 |